It looks like you're offline.
Open Library logo
additional options menu

MARC record from Internet Archive

LEADER: 00812cam a2200241 a 4500
001 99086040
003 DLC
005 20140919081034.0
008 991216r20001961nyu 000 1 eng
010 $a 99086040
020 $a0312890796 (acid-free paper)
040 $aDLC$cDLC$dDLC
050 00 $aPS3523.E4583$bB54 2000
082 00 $a813/.54$221
100 1 $aLeiber, Fritz,$d1910-1992.
245 14 $aThe big time /$cFritz Leiber.
250 $a1st ed.
260 $aNew York :$bTor,$c2000.
300 $a128 p. ;$c22 cm.
500 $a"A Tom Doherty Associates book."
655 7 $aScience fiction.$2gsafd
856 42 $3Contributor biographical information$uhttp://www.loc.gov/catdir/enhancements/fy0667/99086040-b.html
856 42 $3Publisher description$uhttp://www.loc.gov/catdir/enhancements/fy0667/99086040-d.html